| 000 | 00712nam a2200253Ia 4500 | ||
|---|---|---|---|
| 003 | OSt | ||
| 005 | 20220926014513.0 | ||
| 006 | a|||||r|||| 00| 0 | ||
| 007 | ta | ||
| 008 | 220923b |||||||| |||| 00| 0 eng d | ||
| 037 | _cGeneral Book | ||
| 040 |
_aRTL _cRTL _beng |
||
| 041 |
_2eng _aeng |
||
| 082 | _aX512:8, L7;M3 | ||
| 100 |
_aGillespie Karen R et al... _9320727 |
||
| 245 | 0 | _aRetail business management | |
| 250 | _a3rd | ||
| 260 |
_aNew York _bMcGraw-Hill _c1983 |
||
| 300 |
_av,497p. _ccm. |
||
| 490 | _aGregg/McGraw-Hill marketing series | ||
| 650 |
_aRetail _9233455 |
||
| 942 |
_hX512:8, L7;M3 _cGB _2CC |
||
| 999 |
_c629186 _d629186 |
||